[Event "Gold Coast Masters U18"]
[Site "Gold Coast"]
[Date "2005.02.01"]
[Round "1"]
[White "Medland, Robert"]
[Black "Ford, Daniel"]
[Result "1-0"]
[WhiteElo "985"]
[BlackElo "1346"]
[PlyCount "95"]
[EventDate "2005.02.01"]
[EventType "swiss"]
[EventRounds "5"]
[EventCountry "AUS"]
[SourceTitle "EXT 2010"]
[Source "ChessBase"]
[SourceDate "2010.11.25"]
[SourceVersion "1"]
[SourceVersionDate "2010.11.25"]
[SourceQuality "1"]

1. d4 d5 2. Nf3 Nf6 3. Bf4 Bf5 4. e3 c5 5. c4 Nc6 6. Nc3 e6 7. Bd3 Bxd3 8. Qxd3 Nb4 9. Qd2 Bd6 10. Bxd6 Qxd6 11. a3 Nc6 12. Nb5 Qd7 13. dxc5 Ne4 14. Nd6+ Nxd6 15. cxd6 Qxd6 16. Rd1 Rd8 17. b4 b6 18. e4 d4 19. 0-0 0-0 20. Rfe1 f6 21. Re2 Rd7 22. Qd3 Rfd8 23. h4 Ne5 24. Nxe5 Qxe5 25. g3 Qh5 26. f4 h6 27. Rg2 g5 28. fxg5 hxg5 29. Rh2 Rh7 30. Rdd2 Qg6 31. Rdg2 g4 32. Rf2 Qh6 33. Rf4 e5 34. Rxg4+ Kf8 35. h5 Qc1+ 36. Qf1 Qe3+ 37. Kg2 Kf7 38. Qf5 Qe2+ 39. Kh3 Qxc4 40. Qxh7+ Ke6 41. Qf5+ Kd6 42. Qxf6+ Kc7 43. Qxe5+ Kc8 44. h6 Qf1+ 45. Kh4 Rd7 46. Rg7 Qf8 47. Rc2+ Kd8 48. Qb8# 1-0